Pemerolehan bahan

Bibliographic Details
Main Author: Zainori Abd. Raman
Format: Book
Published: Selangor : Pekan Ilmu Publications , 2006
Series:Siri pengurusan pusat sumber sekolah
Subjects:

MARC

LEADER 00000cam a2200000 7i4500
001 0000007500
005 20070903.0
008 070903
020 |a 9833385281 (set) 
020 |a 9833385648 
090 0 0 |a 025.21878   |b ZAI 
100 0 |a Zainori Abd. Raman 
245 1 0 |a Pemerolehan bahan   |c Zainori Abd. Raman 
260 |a Selangor :   |b Pekan Ilmu Publications ,   |c 2006 
440 |a Siri pengurusan pusat sumber sekolah 
650 0 |a Acquisitions (Libraries) 
650 0 |a Collection development (Libraries) 
650 0 |a Resource centre (Education)   |x Management 
999 |a 0000947368   |b Book   |c Adult Collection   |e Cawangan Segamat 
999 |a 0000947369   |b Book   |c Adult Collection   |e Cawangan Segamat 
999 |a 0000947370   |b Book   |c Adult Collection   |e Cawangan Segamat 
999 |a 0000983914   |b Book   |c Adult Collection   |e Perbadanan Perpustakaan Awam Johor 
999 |a 0000983915   |b Book   |c Adult Collection   |e Cawangan Tmn. Ungku Tun Aminah 
999 |a 0000983916   |b Book   |c Adult Collection   |e Perbadanan Perpustakaan Awam Johor 
999 |a 0000983917   |b Book   |c Adult Collection   |e Cawangan AEON Kulaijaya 
999 |a 0000983918   |b Book   |c Adult Collection   |e Perbadanan Perpustakaan Awam Johor 
999 |a 000983917   |b Book   |c Adult Collection   |e Cawangan Batu Pahat